000 00769caa a22002417a 4500
999 _c421478
_d421478
001 132900
003 UA-OsUOA
005 20200104231645.0
007 ta
008 20180914b un ||||| |||| 00| 0 ukr d
040 _aUA-OsUOA
_bukr
_cUA-OsUOA
_dUA-OsUOA
041 _aukr
080 _a908
090 _a908
_bШ19
100 _aШамрай М.
245 _aОстрожская Библия в фондах ЦНБ АН УССР
_cМ. Шамрай
300 _aС. 205–207
650 7 _a908 Краєзнавство
_2UDC
773 0 _0374904
_9397436
_dМ. Наука 1985
_o72281
_tФедоровские чтения 1981
_w(UA-OsUOA) 87933
942 _cBKA
_2udc
955 _a1